| 000 | 00392 a2200145 4500 | ||
|---|---|---|---|
| 005 | 20250629095829.0 | ||
| 020 | _a978-1-5443-3144-7 | ||
| 082 | _a320.0721 MYC | ||
| 100 | _aMYCOFF, D . J | ||
| 245 | _aWorking with Political Science Research Methods: Problems and Exercises | ||
| 250 | _a5th Ed. | ||
| 260 |
_aLondon _bSAGE _c2020. |
||
| 300 |
_aVI,149P.: ill.;tables _c27cm |
||
| 942 |
_2ddc _cBKS |
||
| 999 |
_c6244 _d6244 |
||